|
|
|
|
| LEADER |
00696cam a2200217 4500 |
| 008 |
701209s1970 enk b 000 0 eng |
| 020 |
|
|
|a 0333002695
|
| 082 |
0 |
0 |
|a 170
|
| 100 |
1 |
|
|a Findlay, J. N.
|
| 245 |
1 |
0 |
|a Axiological ethics /
|c [by] J. N. Findlay.
|
| 260 |
|
|
|a London :
|b Macmillan,
|c 1970.
|
| 300 |
|
|
|a [6], 94 p. ;
|c 22 cm.
|
| 350 |
|
|
|a 10/-
|
| 490 |
0 |
|
|a New studies in ethics
|
| 504 |
|
|
|a Bibliography: p. 93-94.
|
| 650 |
|
0 |
|a Ethics
|x History.
|
| 650 |
|
0 |
|a Values.
|
| 906 |
|
|
|a 7
|b cbc
|c orignew
|d 3
|e ncip
|f 19
|g y-gencatlg
|
| 942 |
|
|
|c BK
|
| 999 |
|
|
|c 274592
|d 274592
|
| 952 |
|
|
|0 0
|1 0
|2 ddc
|4 0
|6 170_000000000000000_FIN_A
|7 0
|9 308989
|a PHL
|b PHL
|c ST1
|d 2015-02-27
|i 1516
|o 170 FIN/A
|p PHL1516
|r 2015-02-27
|y BK
|